Young Americans: New Architecture in the USA (Record no. 13695)
[ view plain ]
| 000 -LEADER | |
|---|---|
| fixed length control field | 00216 a2200085 4500 |
| 020 ## - INTERNATIONAL STANDARD BOOK NUMBER | |
| International Standard Book Number | 9783938666173 |
| 100 ## - MAIN ENTRY--PERSONAL NAME | |
| Personal name | Beate Engelhorn |
| 245 ## - TITLE STATEMENT | |
| Title | Young Americans: New Architecture in the USA |
| 260 ## - PUBLICATION, DISTRIBUTION, ETC. | |
| Name of publisher, distributor, etc. | DOM Publishers |
| Date of publication, distribution, etc. | 2007 |
| Withdrawn status | Lost status | Source of classification or shelving scheme | Damaged status | Not for loan | Permanent Location | Current Location | Date acquired | Source of acquisition | Cost, normal purchase price | Barcode | Date last seen | Cost, replacement price | Price effective from | Koha item type |
|---|---|---|---|---|---|---|---|---|---|---|---|---|---|---|
| BMS College of Architecture, Design and Planning | BMS College of Architecture, Design and Planning | 2025-09-10 | 10 | 5499.90 | AR-UG4507 | 2025-09-10 | 7857.00 | 2025-09-10 | UG Books |